This or That Blitz: 'C' Entertainment Quiz Stats

 Plays Quiz Updated Apr 29, 2019

Score 0/20 Timer 01:30
0 Plays Today
Question Answer Wrong Answers
___ Minds (2010s TV show)
Thomas Gibson, Shemar Moore
Criminal
96.1%
Catastrophic
0.7%
___ Rich Asians (2018 movie)
Constance Wu, Henry Wu
Crazy
95.7%
Casually
1.1%
Deal of the ___ (1983 movie)
Sigourney Weaver, Chevy Chase
Century
95.7%
Cash
1.1%
___ Lights (1931 movie)
Charlie Chaplin, Virginia Cherrill
City
95.6%
Cold
1.3%
___ Kane (1941 movie)
Orson Welles, Joseph Cotten
Citizen
94.8%
Charles
2.1%
All My ___ (1970s TV show)
Susan Lucci, Kelly Ripa
Children
94.3%
Care
2.5%
Everybody Hates ___ (2000s TV show)
Chris Rock, Tyler James Williams
Chris
94.3%
Camping
2.5%
The People's ___ (2000s TV show)
Marilyn Milian, Harvey Levin
Court
93.8%
Cravings
2.9%
___ Gurls (2010 song)
Katy Perry Ft. Snoop Dogg
California
93.6%
Colorado
3.4%
The French ___ (1971 movie)
Gene Hackman, Roy Scheider
Connection
93.3%
Chef
3.5%
Three's ___ (1970s TV show)
John Ritter, Joyce DeWitt
Company
92.4%
Crowd
4.3%
Midnight ___ (1969 movie)
Dustin Hoffman, Sylvia Miles
Cowboy
92%
Chase
4.7%
___ Queen (1984 song)
Billy Ocean
Caribbean
87.1%
Crying
9.8%
Little Red ___ (1999 song)
Prince
Corvette
86.5%
Cadillac
10.5%
Night ___ (1980s TV show)
Harry Anderson, Markie Post
Court
84.4%
Clubs
12.6%
Get Off of My ___ (1965 song)
The Rolling Stones
Cloud
75.2%
Car
21.5%
The ___ Is Yours (1991 song)
Black Sheep
Choice
74.6%
Child
22.4%
Bad ___ (2002 movie)
Anthony Hopkins, Chris Rock
Company
71.2%
Cops
25.6%
___ Heat (1997 song)
Jamiroquai
Canned
57.6%
Cold
39.2%
Black ___ Woman (Physical Graffiti) (1975 song)
Led Zeppelin
Country
40.5%
Cat
56.4%

You're not logged in!

Compare scores with friends on all Sporcle quizzes.
OR
Log In

Sporcle TV

Today on Sporcle TV


Watch our educational content, quiz creation guides, and fun videos on Sporcle TV.

Show Comments

Extras

Top Quizzes Today


Score Distribution

Your Account Isn't Verified!

In order to create a playlist on Sporcle, you need to verify the email address you used during registration. Go to your Sporcle Settings to finish the process.

Report this User

Report this user for behavior that violates our Community Guidelines.

Details: